| 000 | 00629nam a2200205Ia 4500 | ||
|---|---|---|---|
| 005 | 20250508154643.0 | ||
| 008 | 008 250505s9999 xx 000 0 eng d | ||
| 037 | _aBooks to be hide in OPAC | ||
| 040 |
_aFEDL _beng _cFEDL |
||
| 041 |
_aeng _2eng |
||
| 084 | _qFEDL | ||
| 100 |
_aGraves Eileen C Ed. _9323507 |
||
| 245 | 0 | _aUlrich's international periodicals directory. Vol 1 | |
| 250 | _a11th | ||
| 260 |
_aNew York, USA _bR R Bowker Company _c1965 |
||
| 300 | _axii,484p. | ||
| 546 | _aA classified guide to a selected list of current periodicals, foreign and domestic | ||
| 942 | _cHB | ||
| 999 |
_c1351417 _d1351417 |
||